Estrategias para la tierra y el espacio (Record no. 169170)

MARC details
000 -LEADER
campo de control de longitud fija 00843nam a22002295i 4500
001 - NÚMERO DE CONTROL
campo de control 169170
003 - IDENTIFICADOR DE NÚMERO DE CONTROL
campo de control ES-MaACL
005 - FECHA Y HORA DE LA ÚLTIMA TRANSACCIÓN
campo de control 20230906214021.0
008 - DATOS DE LONGITUD FIJA--INFORMACIÓN GENERAL
campo de control de longitud fija 080821s2007 sp |||| | spa d
020 ## - NÚMERO INTERNACIONAL ESTÁNDAR DEL LIBRO
Número Internacional Estándar del Libro 978-84-670-2517-0
080 ## - NÚMERO DE LA CLASIFICACIÓN DECIMAL UNIVERSAL
Número de la Clasificación Decimal Universal 504.75
080 ## - NÚMERO DE LA CLASIFICACIÓN DECIMAL UNIVERSAL
Número de la Clasificación Decimal Universal 338.2:504
245 00 - MENCIÓN DEL TÍTULO
Título Estrategias para la tierra y el espacio
Resto del título : geoísmo y cosmoísmo /
Mención de responsabilidad, etc. director, Antonio Lamela ; coordinador, Fernando Moliní ; prólogo Santiago Grisolía.
260 ## - PUBLICACIÓN, DISTRIBUCIÓN, ETC.
Lugar de publicación, distribución, etc. [Madrid] :
Nombre del editor, distribuidor, etc. Espasa,
Fecha de publicación, distribución, etc. 2007.
300 ## - DESCRIPCIÓN FÍSICA
Extensión 2 v. (381, 343 p.) :
Otras características físicas gráf., il. col. ;
Dimensiones 25 cm.
650 ## - PUNTO DE ACCESO ADICIONAL DE MATERIA--TÉRMINO DE MATERIA
Término de materia o nombre geográfico como elemento de entrada Ecología humana.
9 (RLIN) 12002
650 04 - PUNTO DE ACCESO ADICIONAL DE MATERIA--TÉRMINO DE MATERIA
Término de materia o nombre geográfico como elemento de entrada Desarrollo sostenible.
9 (RLIN) 11817
700 1# - ENTRADA AGREGADA--NOMBRE PERSONAL
Nombre de persona Lamela, Antonio.
9 (RLIN) 69836
700 1# - ENTRADA AGREGADA--NOMBRE PERSONAL
Nombre de persona Moliní, Fernando.
9 (RLIN) 138243
700 1# - ENTRADA AGREGADA--NOMBRE PERSONAL
Nombre de persona Grisolía, Santiago.
9 (RLIN) 60088
852 ## - LOCALIZACIÓN
Ubicación ES-MaACL
Número de control de estantería L-29610-11
itemnumber R.142776
Nota libre .- Ded. ms. al Ateneo de Madrid
Holdings
Estatus retirado Estado de pérdida Estado de daño No para préstamo Biblioteca de origen Biblioteca actual Ubicación en estantería Fecha de adquisición Fuente de adquisición Total de préstamos Signatura topográfica completa Código de barras Visto por última vez Precio de reemplazo Tipo de ítem Koha
        Biblioteca del Ateneo de Madrid Biblioteca del Ateneo de Madrid Depósito 2 21/08/2008     L-29610-11 1177613 23/02/2023 23/02/2023 Libro impreso